Patrakarta samajacho arso : (Record no. 240733)

MARC details
000 -LEADER
fixed length control field 00669nam a22001817a 4500
005 - DATE AND TIME OF LATEST TRANSACTION
control field 20251220100456.0
008 - FIXED-LENGTH DATA ELEMENTS--GENERAL INFORMATION
fixed length control field 251219b |||||||| |||| 00| 0 eng d
040 ## - CATALOGING SOURCE
Transcribing agency AL
041 ## - LANGUAGE CODE
Language code of text/sound track or separate title Konkani/Devanagari
082 ## - DEWEY DECIMAL CLASSIFICATION NUMBER
Classification number 891.468
Item number रेमंड डिकूना
100 ## - MAIN ENTRY--PERSONAL NAME
Personal name Raymond Dcunha Takode
100 ## - MAIN ENTRY--PERSONAL NAME
Personal name रेमंड डिकूना
100 ## - MAIN ENTRY--PERSONAL NAME
9 (RLIN) 249640
100 ## - MAIN ENTRY--PERSONAL NAME
9 (RLIN) 249641
245 ## - TITLE STATEMENT
Title Patrakarta samajacho arso :
Remainder of title पत्र्कार्त समाजाचो अर्सो
260 ## - PUBLICATION, DISTRIBUTION, ETC.
Place of publication, distribution, etc. Mangluru
Name of publisher, distributor, etc. Karnatak Konkani Sahitya Academy
Date of publication, distribution, etc. 2019
300 ## - PHYSICAL DESCRIPTION
Extent vi,54p
Other physical details PB
Dimensions 18x12cm
365 ## - TRADE PRICE
Source of price type code Konkani
Price type code 018
Price amount ₹21.00
Currency code
Unit of pricing ₹21.00
Price note 0
Price effective from 04-12-2025
942 ## - ADDED ENTRY ELEMENTS (KOHA)
Source of classification or shelving scheme Dewey Decimal Classification
Koha item type Book
Holdings
Withdrawn status Lost status Source of classification or shelving scheme Damaged status Not for loan Collection code Home library Current library Shelving location Date acquired Source of acquisition Cost, normal purchase price Total Checkouts Full call number Barcode Date last seen Cost, replacement price Price effective from Koha item type
    Dewey Decimal Classification     Konkani St Aloysius Library St Aloysius Library Stack Section 12/12/2025 Raymond DCunha, Bishops House, Mangaluru-575003 21.00   891.468 DCUP 078003 12/19/2025 21.00 12/04/2025 Book